[Event "Campeonato Estadual Absoluto do Rio de Janeiro 2022"]
[Site "TTC R Conde de Bomfim 451 Salao de Xadrez"]
[Date "2022.07.23"]
[Round "1"]
[Board "1"]
[White "Dos Santos, Gilvan Nobrega"]
[Black "Guimaraes, Wagner Peixoto"]
[Result "1/2-1/2"]
[WhiteElo "1926"]
[BlackElo "2195"]
[PlyCount "70"]
[EventDate "2022.07.23"]
[EventRounds "6"]
[EventCountry "BRA"]

1. c4 Nf6 2. Nf3 e6 3. d4 Bb4+ 4. Bd2 a5 5. e3 O-O 6. Bd3 c5 7. a3 Bxd2+ 8.
Qxd2 cxd4 9. Nxd4 d5 10. cxd5 exd5 11. Nc3 Nbd7 12. O-O Nc5 13. h3 a4 14. Rfd1
Qb6 15. Bc2 Bd7 16. Rac1 Rfe8 17. Qe2 Bc6 18. Bb1 Rad8 19. Qc2 Nb3 20. Nxb3
axb3 21. Qf5 d4 22. exd4 Rxd4 23. Rxd4 Qxd4 24. Rd1 Qh4 25. Bd3 g6 26. Qa5 Nd7
27. Qb4 Qg5 28. Qg4 Qe7 29. Qf4 Nc5 30. Bc4 Kg7 31. Qd4+ Qe5 32. Kf1 Qxd4 33.
Rxd4 Re5 34. f3 h5 35. Kf2 Rf5  1/2-1/2

[Event "Campeonato Estadual Absoluto do Rio de Janeiro 2022"]
[Site "TTC R Conde de Bomfim 451 Salao de Xadrez"]
[Date "2022.07.23"]
[Round "1"]
[Board "3"]
[White "Lima, Stefan Moisei Vieira"]
[Black "Mascarenhas, Alberto Pinheiro"]
[Result "0-1"]
[WhiteElo "1917"]
[BlackElo "2175"]
[PlyCount "82"]
[EventDate "2022.07.23"]
[EventRounds "6"]
[EventCountry "BRA"]

{1. d4 c5 2. d5 Nf6 3. c4 g6 4. Nc3 d6 5. e4 Bg7 6. Nf3 O-O 7. Bf4 Nh5 8. Bd2
e5 9. g3 Bg4 10. h3 Bd7 11. Be2 Na6 12. Nh4 Nf6 13. g4 Nc7 14. g5 Nfe8 15. Ng2
Rb8 16. a4 f5 17. gxf6 Qxf6 18. Be3 Qf7 19. h4 h5 20. Kd2 Nf6 21. f4 Ng4 22.
Bxg4 Bxg4 23. Qf1 Qe7 24. Qf2 Rf7 25. Rhf1 Rbf8 26. Rae1 exf4 27. Bxf4 Rxf4 28.
Nxf4 Bh6 29. Kc2 Qe5 30. Qe3 Bxf4 31. Qg1 Na6 32. Qg2 Nb4+ 33. Kb1 Qd4 34. Rd1
Bxd1 35. Rxd1 Qg7 36. Qh3 Be5 37. Rg1 a6 38. Qe6+ Kh7 39. Nd1 Qf7 40. Qh3 Qf3
41. Qe6 Qxe4+} 1. d4 c5 2. d5 Nf6 3. c4 g6 4. Nc3 d6 5. e4 Bg7 6. Nf3 O-O 7.
Bf4 Nh5 8. Bd2 e5 9. g3 Bg4 10. h3 Bd7 11. Be2 Na6 12. Nh4 Nf6 13. g4 Nc7 14.
g5 Nfe8 15. Ng2 Rb8 16. a4 f5 17. gxf6 Qxf6 18. Be3 Qf7 19. h4 h5 20. Kd2 Nf6
21. f4 Ng4 22. Bxg4 Bxg4 23. Qf1 Qe7 24. Qf2 Rf7 25. Rhf1 Rbf8 26. Rae1 exf4
27. Bxf4 Rxf4 28. Nxf4 Bh6 29. Kc2 Qe5 30. Qe3 Bxf4 31. Qg1 Na6 32. Qg2 Nb4+
33. Kb1 Qd4 34. Rd1 Bxd1 35. Rxd1 Qg7 36. Qh3 Be5 37. Rg1 a6 38. Qe6+ Kh7 39.
Nd1 Qf7 40. Qh3 Qf3 41. Qe6 Qxe4+  0-1

[Event "Campeonato Estadual Absoluto do Rio de Janeiro 2022"]
[Site "TTC R Conde de Bomfim 451 Salao de Xadrez"]
[Date "2022.07.23"]
[Round "1"]
[Board "4"]
[White "Garcia, Julio Cesar De Paiva"]
[Black "Damasceno, Enzo De Carvalho"]
[Result "1/2-1/2"]
[WhiteElo "2124"]
[BlackElo "1914"]
[PlyCount "103"]
[EventDate "2022.07.23"]
[EventRounds "6"]
[EventCountry "BRA"]

1. Nf3 Nf6 2. c4 c6 3. d4 d5 4. Qc2 e6 5. g3 Nbd7 6. Bg2 Be7 7. O-O O-O 8. Nbd2
b6 9. e4 dxe4 10. Nxe4 Nxe4 11. Qxe4 Bb7 12. Rd1 Qc7 13. Bf4 Bd6 14. Bxd6 Qxd6
15. c5 Qc7 16. Rac1 Rfd8 17. b4 a5 18. a3 axb4 19. axb4 Ra4 20. Rb1 g6 21. h4
Ba6 22. Qc2 Bb5 23. Ng5 bxc5 24. bxc5 Nf6 25. Nf3 Qa5 26. Rd2 Rc4 27. Qd1 Ne4
28. Ra1 Ba4 29. Rb2 Qc3 30. Qb1 Bb5 31. Rba2 Nf6 32. Ra3 Qc2 33. Qe1 Qf5 34.
Qe3 Rc2 35. Ra8 Rxa8 36. Rxa8+ Kg7 37. Ne5 Re2 38. Qf3 Re1+ 39. Kh2 Rxe5 40.
dxe5 Ng4+ 41. Kh3 Nxf2+ 42. Kh2 Ng4+ 43. Kg1 Qb1+ 44. Bf1 Nxe5 45. Qf4 Qe1 46.
Ra3 Ng4 47. Rf3 f5 48. Qc7+ Kh6 49. Qf4+ Kg7 50. Qd6 Bxf1 51. Qe7+ Kh6 52. Qg5+
 1/2-1/2

[Event "Campeonato Estadual Absoluto do Rio de Janeiro 2022"]
[Site "TTC R Conde de Bomfim 451 Salao de Xadrez"]
[Date "2022.07.23"]
[Round "1"]
[Board "5"]
[White "Petrenko, Willy"]
[Black "Soares, Joao Carlos T. C."]
[Result "0-1"]
[WhiteElo "1877"]
[BlackElo "2101"]
[PlyCount "68"]
[EventDate "2022.07.23"]
[EventRounds "6"]
[EventCountry "BRA"]

1. e4 e6 2. d4 d5 3. exd5 exd5 4. Nf3 Bd6 5. Be2 Ne7 6. Nc3 c6 7. h3 Nd7 8. Be3
Nf8 9. Qd2 Nfg6 10. Bd3 Qc7 11. a3 b5 12. b4 a5 13. Na2 O-O 14. c3 f5 15. Bg5
h6 16. Bxe7 Qxe7+ 17. Qe2 Qf6 18. O-O Nf4 19. Qc2 Qg6 20. g3 Nxh3+ 21. Kh1 Ng5
22. Nxg5 Qxg5 23. f4 Qxg3 24. Rg1 Qh3+ 25. Qh2 Qxh2+ 26. Kxh2 Bxf4+ 27. Kg2 Bd7
28. bxa5 Rxa5 29. Nb4 Bd6 30. Nc2 f4 31. Kf3 g5 32. Rh1 Kg7 33. Rae1 Raa8 34.
Rxh6 g4+  0-1

[Event "Campeonato Estadual Absoluto do Rio de Janeiro 2022"]
[Site "TTC R Conde de Bomfim 451 Salao de Xadrez"]
[Date "2022.07.23"]
[Round "1"]
[Board "6"]
[White "Souza, Iago Henrique Da Silva"]
[Black "Madeu, Fernando Antonio De B."]
[Result "1-0"]
[WhiteElo "2055"]
[BlackElo "1871"]
[PlyCount "81"]
[EventDate "2022.07.23"]
[EventRounds "6"]
[EventCountry "BRA"]

1. d4 d5 2. Nf3 e6 3. g3 Be7 4. Bg2 Nf6 5. O-O O-O 6. Nbd2 c5 7. e3 Nbd7 8. b3
cxd4 9. exd4 Qc7 10. Bb2 b6 11. Rc1 Ba6 12. c4 Qd6 13. Re1 Rac8 14. Ne5 Bb7 15.
Nb1 Rfe8 16. Ba3 Qb8 17. Nxd7 Nxd7 18. Bxe7 Rxe7 19. cxd5 Rxc1 20. Qxc1 Qa8 21.
dxe6 Bxg2 22. exd7 Rxd7 23. Qe3 Rd8 24. Nd2 Bc6 25. f3 h6 26. Qf4 Qc8 27. Re7
Bd5 28. Rc7 Qe6 29. Qe5 a6 30. Kf2 Qh3 31. g4 Qh4+ 32. Qg3 Qf6 33. Qe5 Qh4+ 34.
Ke2 b5 35. Rc5 Bb7 36. d5 Qh3 37. Kf2 Qh4+ 38. Ke2 Qh3 39. Kd3 Qh4 40. Ne4 Qe1
41. Nf6+  1-0

[Event "Campeonato Estadual Absoluto do Rio de Janeiro 2022"]
[Site "TTC R Conde de Bomfim 451 Salao de Xadrez"]
[Date "2022.07.23"]
[Round "1"]
[Board "7"]
[White "Dias, Matheus Braga"]
[Black "Campos, Alexandre Ferreira"]
[Result "1-0"]
[WhiteElo "1851"]
[BlackElo "2054"]
[PlyCount "71"]
[EventDate "2022.07.23"]
[EventRounds "6"]
[EventCountry "BRA"]

1. e4 c5 2. Nf3 Nc6 3. d4 cxd4 4. Nxd4 Nf6 5. Nc3 e5 6. Ndb5 d6 7. Bg5 Be7 8.
Bxf6 gxf6 9. Bc4 a6 10. Qh5 axb5 11. Qxf7+ Kd7 12. Nxb5 Qf8 13. Qh5 Qg7 14. O-O
Qg6 15. Qe2 Nd4 16. Nxd4 exd4 17. Qd3 Kc7 18. Bd5 Bd7 19. Qxd4 f5 20. Rfe1 Bf6
21. Qc4+ Bc6 22. exf5 Qxf5 23. Bxc6 bxc6 24. Qf7+ Kb6 25. Re3 Rhf8 26. Rb3+ Kc5
27. Qc7 Qxc2 28. Rb6 Qxf2+ 29. Kh1 Be5 30. Qxc6+ Kd4 31. Rd1+ Ke3 32. Rb3+ Kf4
33. Rf3+ Qxf3 34. gxf3 Kf5 35. Qe4+ Ke6 36. f4  1-0

[Event "Campeonato Estadual Absoluto do Rio de Janeiro 2022"]
[Site "TTC R Conde de Bomfim 451 Salao de Xadrez"]
[Date "2022.07.23"]
[Round "1"]
[Board "8"]
[White "Santos Filho, Tadeu Sousa"]
[Black "Rodrigues, Nei Jorge"]
[Result "1/2-1/2"]
[WhiteElo "2015"]
[BlackElo "1850"]
[PlyCount "91"]
[EventDate "2022.07.23"]
[EventRounds "6"]
[EventCountry "BRA"]

1. e4 g6 2. d4 Bg7 3. Nc3 a6 4. a4 c5 5. d5 d6 6. Be2 Nf6 7. h3 O-O 8. Nf3 b6
9. O-O Qc7 10. Nd2 e6 11. Nc4 exd5 12. exd5 Nbd7 13. Bf4 Ne8 14. Qd2 Ne5 15.
Rfe1 Bb7 16. Bf1 Nxc4 17. Bxc4 Nf6 18. Bh6 Rfe8 19. Bxg7 Kxg7 20. Qd3 Qd7 21.
Kf1 h6 22. Rab1 Re7 23. Rxe7 Qxe7 24. Re1 Qd7 25. Re3 Ra7 26. Qe2 Bc8 27. Kg1
Qd8 28. g4 Qd7 29. Kg2 Qd8 30. Kg3 Qd7 31. f3 h5 32. Kh4 hxg4 33. hxg4 Nh5 34.
Re8 Nf4 35. Qe4 f5 36. gxf5 gxf5 37. Qxf4 Qxe8 38. Qxd6 Qe7+ 39. Qxe7+ Rxe7 40.
Kg5 Re1 41. d6 Rg1+ 42. Kf4 Rh1 43. Ke5 Re1+ 44. Kf4 Rh1 45. Ke5 Re1+ 46. Kf4
 1/2-1/2

[Event "Campeonato Estadual Absoluto do Rio de Janeiro 2022"]
[Site "TTC R Conde de Bomfim 451 Salao de Xadrez"]
[Date "2022.07.23"]
[Round "1"]
[Board "9"]
[White "Chaves, Jorge Antonio Torres"]
[Black "Ramos, Angelo Bil"]
[Result "0-1"]
[WhiteElo "1830"]
[BlackElo "1996"]
[PlyCount "78"]
[EventDate "2022.07.23"]
[EventRounds "6"]
[EventCountry "BRA"]

1. d4 Nf6 2. Nf3 g6 3. Bg5 Bg7 4. Nbd2 d6 5. e4 O-O 6. c3 Nbd7 7. Bc4 c6 8. Bb3
h6 9. Bh4 b5 10. h3 Bb7 11. O-O c5 12. Re1 c4 13. Bc2 Rc8 14. Bg3 Nh5 15. Bh2
e5 16. g4 Nf4 17. Bxf4 exf4 18. Kh2 Re8 19. Re2 Bf6 20. Qg1 a5 21. Rae1 g5 22.
Qg2 Qc7 23. h4 Kg7 24. Rh1 Rh8 25. Kg1 Rce8 26. hxg5 hxg5 27. Rh5 Qd8 28. Qh3
Reg8 29. e5 dxe5 30. dxe5 Rxh5 31. exf6+ Nxf6 32. gxh5 g4 33. Qh4 gxf3 34. Re5
Kh6+ 35. Bg6 fxg6 36. Qxf4+ g5 37. Qe3 Ng4 38. Re6+ Kxh5 39. Qa7 Qxd2  0-1

[Event "Campeonato Estadual Absoluto do Rio de Janeiro 2022"]
[Site "TTC R Conde de Bomfim 451 Salao de Xadrez"]
[Date "2022.07.23"]
[Round "1"]
[Board "10"]
[White "Okamura, Milton Kasuo"]
[Black "Baeta, Marcio Netto"]
[Result "1-0"]
[WhiteElo "1993"]
[BlackElo "1825"]
[PlyCount "113"]
[EventDate "2022.07.23"]
[EventRounds "6"]
[EventCountry "BRA"]

1. d4 Nf6 2. c4 c5 3. d5 b5 4. cxb5 a6 5. bxa6 g6 6. Nc3 Qa5 7. Bd2 Bg7 8. e4
d6 9. Nf3 O-O 10. Be2 Bxa6 11. O-O Qb4 12. Bxa6 Nxa6 13. Qc2 Rfb8 14. Rab1 Nc7
15. Rfe1 Ng4 16. b3 Nb5 17. Nxb5 Qxb5 18. a4 Qa6 19. Rec1 Qe2 20. Rf1 Ne5 21.
Nxe5 Bxe5 22. Rfe1 Qh5 23. h3 g5 24. Qd3 g4 25. Rec1 f5 26. exf5 Rf8 27. Qe2
Qf7 28. Qxg4+ Kh8 29. Bh6 Rg8 30. Qf3 Qf6 31. Be3 Rgb8 32. Rc4 Rf8 33. g4 h5
34. Kg2 Rab8 35. a5 Rg8 36. Ra4 Qh4 37. Re4 hxg4 38. Rxg4 Qf6 39. Kf1 Ra8 40.
Bd2 Rgf8 41. Ra4 Qxf5 42. Qxf5 Rxf5 43. Ke2 Bd4 44. Be3 Rxd5 45. Bxd4+ cxd4 46.
b4 d3+ 47. Ke3 Rh5 48. Kxd3 Rxh3+ 49. Ke2 Rc8 50. Rb2 Rh4 51. a6 Ra8 52. Ra5
Rf4 53. a7 Raf8 54. Ke1 Re4+ 55. Kf1 Ra8 56. b5 Re5 57. Ra3  1-0

[Event "Campeonato Estadual Absoluto do Rio de Janeiro 2022"]
[Site "TTC R Conde de Bomfim 451 Salao de Xadrez"]
[Date "2022.07.23"]
[Round "1"]
[Board "11"]
[White "Bastos, Gabriel Andrade"]
[Black "Manzi, Luiz Antonio Bardaro"]
[Result "0-1"]
[WhiteElo "1818"]
[BlackElo "1992"]
[PlyCount "74"]
[EventDate "2022.07.23"]
[EventRounds "6"]
[EventCountry "BRA"]

1. d4 Nf6 2. c4 e6 3. Nf3 d5 4. Nc3 c6 5. e3 Be7 6. Qc2 Nbd7 7. Bd3 a6 8. O-O
O-O 9. e4 dxe4 10. Nxe4 Nxe4 11. Bxe4 Nf6 12. Bd3 Qc7 13. Rd1 Rd8 14. b3 Bd7
15. Ng5 h6 16. Bh7+ Kf8 17. Nxf7 Nxh7 18. Nxd8 Nf6 19. Nxe6+ Bxe6 20. Re1 Bf7
21. Qf5 Qd7 22. Qxd7 Nxd7 23. Bf4 g5 24. Bg3 Bb4 25. Re3 b5 26. a3 Be7 27. d5
cxd5 28. cxd5 Bxd5 29. Rd1 Nf6 30. h4 Rc8 31. hxg5 hxg5 32. Kf1 Rc2 33. Re2
Bxg2+ 34. Ke1 Rc8 35. b4 Bf3 36. Rxe7 Kxe7 37. Bd6+ Ke6  0-1

[Event "Campeonato Estadual Absoluto do Rio de Janeiro 2022"]
[Site "TTC R Conde de Bomfim 451 Salao de Xadrez"]
[Date "2022.07.23"]
[Round "1"]
[Board "12"]
[White "Carvalho, Carlos Alberto"]
[Black "Fernandes, Felipe Gambini"]
[Result "0-1"]
[WhiteElo "1977"]
[BlackElo "1792"]
[PlyCount "78"]
[EventDate "2022.07.23"]
[EventRounds "6"]
[EventCountry "BRA"]

1. d4 Nf6 2. Bg5 d5 3. Nd2 e6 4. e3 Be7 5. Bd3 Nbd7 6. f4 h6 7. Bh4 c5 8. c3 b6
9. Qe2 Bb7 10. Ngf3 Ne4 11. Bxe7 Qxe7 12. Bxe4 dxe4 13. Ne5 Nxe5 14. dxe5 Rd8
15. Qb5+ Qd7 16. Qxd7+ Rxd7 17. O-O-O Bd5 18. c4 Bb7 19. Kc2 Ke7 20. Nb3 Rhd8
21. Rxd7+ Rxd7 22. Rd1 Rd3 23. Rxd3 exd3+ 24. Kxd3 Bxg2 25. e4 Bf1+ 26. Kc3 f6
27. exf6+ Kxf6 28. Nd2 Be2 29. b4 cxb4+ 30. Kxb4 g5 31. fxg5+ Kxg5 32. a4 Kf4
33. a5 bxa5+ 34. Kc3 a4 35. c5 Bb5 36. Nc4 Bc6 37. Kd4 Bxe4 38. Ne5 a3 39. Nd3+
Bxd3  0-1

[Event "Campeonato Estadual Absoluto do Rio de Janeiro 2022"]
[Site "TTC R Conde de Bomfim 451 Salao de Xadrez"]
[Date "2022.07.23"]
[Round "1"]
[Board "13"]
[White "De Oliveira, Sergio Patricio"]
[Black "Reboredo, Maximiano Goncalves"]
[Result "1-0"]
[WhiteElo "1556"]
[BlackElo "1964"]
[PlyCount "91"]
[EventDate "2022.07.23"]
[EventRounds "6"]
[EventCountry "BRA"]

1. d4 Nf6 2. c4 c6 3. Nc3 e6 4. Bg5 Be7 5. Nf3 d5 6. e3 O-O 7. Be2 Nbd7 8. O-O
h6 9. Bh4 dxc4 10. Bxc4 Nd5 11. Bxe7 Qxe7 12. Rc1 f5 13. Re1 Qf6 14. Qd2 Qg6
15. a3 b5 16. Ba2 Bb7 17. Nxd5 exd5 18. Nh4 Qh5 19. g3 Nf6 20. Qe2 Qg5 21. Nf3
Qg6 22. Ne5 Qe8 23. Rc2 Ne4 24. Rec1 Rc8 25. f3 Nd6 26. Nxc6 Nc4 27. Bxc4 bxc4
28. Ne5 Rf6 29. Qd2 Qa4 30. Rc3 Rb6 31. Qc2 Qxc2 32. R1xc2 Rd8 33. Kf2 a5 34.
Ke2 Kf8 35. Kd2 Ba6 36. Kc1 Ke7 37. g4 fxg4 38. Nxg4 Bc8 39. Ne5 g5 40. Rg2 Bf5
41. Re2 Rdb8 42. e4 dxe4 43. fxe4 Be6 44. d5 Bc8 45. Rf2 Kd6 46. Nxc4+  1-0

[Event "Campeonato Estadual Absoluto do Rio de Janeiro 2022"]
[Site "TTC R Conde de Bomfim 451 Salao de Xadrez"]
[Date "2022.07.23"]
[Round "2"]
[Board "1"]
[White "Rangel, Daniel"]
[Black "Okamura, Milton Kasuo"]
[Result "1-0"]
[WhiteElo "2189"]
[BlackElo "1993"]
[PlyCount "89"]
[EventDate "2022.07.23"]
[EventRounds "6"]
[EventCountry "BRA"]

1. Nf3 d5 2. g3 Nf6 3. Bg2 Bf5 4. O-O e6 5. d3 Be7 6. Nc3 h6 7. Nd2 c6 8. e4
Bh7 9. Qe2 O-O 10. a4 Na6 11. Nd1 Re8 12. e5 Nd7 13. f4 Qc7 14. Nf3 Nb4 15. Nf2
a5 16. c3 Na6 17. g4 Nac5 18. Be3 Nb3 19. Rae1 c5 20. f5 exf5 21. Bf4 Qb6 22.
Bh3 fxg4 23. Nxg4 Nf8 24. Qg2 Kh8 25. e6 f6 26. Bxh6 gxh6 27. Nxh6 Ng6 28. Nh4
Rg8 29. Nf7+ Kg7 30. Bf5 Kf8 31. Nxg6+ Ke8 32. Rf3 Nd2 33. Qxd2 Bxg6 34. Rg3
Bxf7 35. exf7+ Kxf7 36. Be6+ Qxe6 37. Rxe6 Kxe6 38. Qe2+ Kf7 39. Qh5+ Ke6 40.
Qh3+ Kd6 41. Kf1 Rh8 42. Qg2 Rh5 43. Re3 Rah8 44. Qg3+ Re5 45. d4  1-0

[Event "Campeonato Estadual Absoluto do Rio de Janeiro 2022"]
[Site "TTC R Conde de Bomfim 451 Salao de Xadrez"]
[Date "2022.07.23"]
[Round "2"]
[Board "2"]
[White "Mascarenhas, Alberto Pinheiro"]
[Black "Dias, Matheus Braga"]
[Result "0-1"]
[WhiteElo "2175"]
[BlackElo "1851"]
[PlyCount "54"]
[EventDate "2022.07.23"]
[EventRounds "6"]
[EventCountry "BRA"]

1. Nf3 g6 2. d4 Nf6 3. g3 Bg7 4. Bg2 d5 5. O-O O-O 6. c4 c5 7. cxd5 Nxd5 8.
dxc5 Nc6 9. Nbd2 a5 10. a3 a4 11. Nc4 Bf5 12. Ng5 Nc7 13. Bxc6 bxc6 14. e4 Qxd1
15. Rxd1 Bg4 16. f3 Bc8 17. Kg2 h6 18. Nh3 Be6 19. Nb6 Ra5 20. Nf4 Bb3 21. Rd7
Ne6 22. Nxe6 fxe6 23. Rxe7 Rxc5 24. Rd7 Rc2+ 25. Rd2 Rxd2+ 26. Bxd2 Bxb2 27.
Re1 Bxa3  0-1

[Event "Campeonato Estadual Absoluto do Rio de Janeiro 2022"]
[Site "TTC R Conde de Bomfim 451 Salao de Xadrez"]
[Date "2022.07.23"]
[Round "2"]
[Board "3"]
[White "Soares, Joao Carlos T. C."]
[Black "De Oliveira, Sergio Patricio"]
[Result "1-0"]
[WhiteElo "2101"]
[BlackElo "1556"]
[PlyCount "81"]
[EventDate "2022.07.23"]
[EventRounds "6"]
[EventCountry "BRA"]

1. d4 d5 2. c4 e6 3. Nc3 Nf6 4. e3 c5 5. cxd5 Nxd5 6. Nf3 Be7 7. Bd3 O-O 8. O-O
b6 9. e4 Nb4 10. Be2 cxd4 11. Nxd4 Bb7 12. Be3 Nd7 13. Qb3 Kh8 14. Rfd1 a6 15.
a3 Nc6 16. Nxc6 Bxc6 17. Rac1 Qb8 18. Nd5 Bxd5 19. exd5 exd5 20. Qxd5 Nf6 21.
Qf5 Rd8 22. Rxd8+ Qxd8 23. Bxa6 g6 24. Qd3 Nd5 25. Bd4+ Kg8 26. g3 Nc7 27. Bxb6
Qxd3 28. Bxd3 Ne6 29. Be3 Bf6 30. Rc2 Rb8 31. b4 Ra8 32. Ra2 Nc7 33. Bc4 Ne8
34. a4 Nd6 35. Bd5 Rb8 36. b5 Nf5 37. Bf4 Rd8 38. Be4 Rd1+ 39. Kg2 Bd4 40. Bxf5
gxf5 41. Be3  1-0

[Event "Campeonato Estadual Absoluto do Rio de Janeiro 2022"]
[Site "TTC R Conde de Bomfim 451 Salao de Xadrez"]
[Date "2022.07.23"]
[Round "2"]
[Board "4"]
[White "Manzi, Luiz Antonio Bardaro"]
[Black "Souza, Iago Henrique Da Silva"]
[Result "0-1"]
[WhiteElo "1992"]
[BlackElo "2055"]
[PlyCount "100"]
[EventDate "2022.07.23"]
[EventRounds "6"]
[EventCountry "BRA"]

1. Nf3 d5 2. g3 Nf6 3. Bg2 Bg4 4. b3 Nbd7 5. Bb2 e6 6. O-O Be7 7. d3 O-O 8.
Nbd2 c6 9. Re1 a5 10. a4 b5 11. e4 Nb6 12. axb5 cxb5 13. h3 Bh5 14. g4 Bg6 15.
Ne5 Qc7 16. Nxg6 hxg6 17. exd5 exd5 18. Nf3 Bb4 19. Re2 a4 20. Be5 Bd6 21. Bxd6
Qxd6 22. Nd2 Rac8 23. Nf1 d4 24. Ng3 Nbd5 25. Bxd5 Nxd5 26. bxa4 Nc3 27. Ne4
Nxe2+ 28. Qxe2 Qb4 29. axb5 Qb2 30. Ra7 Rxc2 31. Qf3 Qxb5 32. g5 Rc1+ 33. Kg2
Qb1 34. Rb7 Qa1 35. Kh2 Qa4 36. h4 Qc6 37. Kg2 Qe6 38. h5 gxh5 39. Qxh5 Re1 40.
Qf3 Qg6 41. Qg3 Re8 42. Rd7 R8xe4 43. dxe4 Qxe4+ 44. f3 Qc2+ 45. Kh3 Rh1+ 46.
Kg4 f5+ 47. gxf6 Qg6+ 48. Kf4 Qxf6+ 49. Kg4 Qe6+ 50. Kg5 Qxd7  0-1

[Event "Campeonato Estadual Absoluto do Rio de Janeiro 2022"]
[Site "TTC R Conde de Bomfim 451 Salao de Xadrez"]
[Date "2022.07.23"]
[Round "2"]
[Board "5"]
[White "Ramos, Angelo Bil"]
[Black "Guimaraes, Sergio Murilo Soares"]
[Result "1-0"]
[WhiteElo "1996"]
[BlackElo "1800"]
[PlyCount "83"]
[EventDate "2022.07.23"]
[EventRounds "6"]
[EventCountry "BRA"]

1. d4 g6 2. c4 Nf6 3. Nf3 Bg7 4. Nc3 O-O 5. e4 d6 6. Bg5 c6 7. Qd2 Re8 8. Be2
Na6 9. O-O Bg4 10. h3 Bxf3 11. Bxf3 e5 12. d5 c5 13. a3 Qd7 14. Rfb1 b6 15. b4
h5 16. Ra2 Kh7 17. Rab2 Reb8 18. Bd1 Qe7 19. Qe3 Rc8 20. Be2 Re8 21. Qf3 cxb4
22. axb4 Nc7 23. Nd1 Red8 24. c5 Nce8 25. c6 Qc7 26. Ba6 Qe7 27. Ne3 Rab8 28.
Ra2 Qc7 29. Rba1 Kg8 30. b5 Qe7 31. Bb7 Nc7 32. Rb1 Nce8 33. Rxa7 Qc7 34. Nc4
Nh7 35. Bxd8 Rxd8 36. Qe3 Qe7 37. Nxb6 Bf6 38. Nc4 Bg5 39. Qe2 Qf8 40. b6 Ng7
41. c7 Re8 42. Bc6  1-0

[Event "Campeonato Estadual Absoluto do Rio de Janeiro 2022"]
[Site "TTC R Conde de Bomfim 451 Salao de Xadrez"]
[Date "2022.07.23"]
[Round "2"]
[Board "6"]
[White "Fernandes, Felipe Gambini"]
[Black "Garcia, Julio Cesar De Paiva"]
[Result "1-0"]
[WhiteElo "1792"]
[BlackElo "2124"]
[PlyCount "95"]
[EventDate "2022.07.23"]
[EventRounds "6"]
[EventCountry "BRA"]

1. d4 Nf6 2. c4 g6 3. Nc3 d5 4. cxd5 Nxd5 5. e4 Nxc3 6. bxc3 Bg7 7. Bc4 c5 8.
Ne2 O-O 9. O-O Nc6 10. Be3 Qc7 11. Rc1 Rd8 12. Qd2 b6 13. Rfd1 Na5 14. Bd5 Bb7
15. Bf4 Qc8 16. Bxb7 Qxb7 17. f3 e5 18. Bh6 Nc4 19. Qg5 f6 20. Qh4 Qa6 21. Bxg7
Kxg7 22. dxe5 Nxe5 23. Nf4 b5 24. Nd5 c4 25. Kh1 Qd6 26. Rb1 Rab8 27. Rd2 a5
28. Qf2 Nd3 29. Qa7+ Rd7 30. Qd4 Qe5 31. Qxe5 fxe5 32. Ne3 Rdb7 33. h3 Kf6 34.
a3 Ke6 35. Kh2 Kd6 36. a4 Kc5 37. axb5 Rxb5 38. Rxb5+ Rxb5 39. Ra2 Nb2 40. Kg3
a4 41. f4 Rb3 42. Nd5 a3 43. fxe5 Na4 44. e6 Kd6 45. e7 Kd7 46. Rd2 Ke8 47. Rf2
Rxc3+ 48. Kh4  1-0

[Event "Campeonato Estadual Absoluto do Rio de Janeiro 2022"]
[Site "TTC R Conde de Bomfim 451 Salao de Xadrez"]
[Date "2022.07.23"]
[Round "2"]
[Board "7"]
[White "Guimaraes, Wagner Peixoto"]
[Black "Santos Filho, Tadeu Sousa"]
[Result "1-0"]
[WhiteElo "2195"]
[BlackElo "2015"]
[PlyCount "50"]
[EventDate "2022.07.23"]
[EventRounds "6"]
[EventCountry "BRA"]

1. d4 d5 2. c4 e6 3. Nf3 Nf6 4. g3 Bb4+ 5. Bd2 Be7 6. Bg2 O-O 7. Qc2 c6 8. O-O
Nbd7 9. Bf4 Nh5 10. Bc1 Nhf6 11. Nbd2 b6 12. e4 dxe4 13. Nxe4 Nxe4 14. Qxe4 Bb7
15. Rd1 Nf6 16. Qc2 Qc7 17. Bf4 Qc8 18. Ne5 Rd8 19. c5 bxc5 20. dxc5 Nd5 21.
Bd2 Qc7 22. Re1 f6 23. Nc4 Bxc5 24. Rxe6 Bc8 25. Ree1 Qd6  1-0

[Event "Campeonato Estadual Absoluto do Rio de Janeiro 2022"]
[Site "TTC R Conde de Bomfim 451 Salao de Xadrez"]
[Date "2022.07.23"]
[Round "2"]
[Board "8"]
[White "Damasceno, Enzo De Carvalho"]
[Black "Dos Santos, Gilvan Nobrega"]
[Result "1-0"]
[WhiteElo "1914"]
[BlackElo "1926"]
[PlyCount "115"]
[EventDate "2022.07.23"]
[EventRounds "6"]
[EventCountry "BRA"]

1. c4 Nf6 2. Nc3 d5 3. cxd5 Nxd5 4. Nf3 Nxc3 5. bxc3 c5 6. d3 Nc6 7. g3 e5 8.
Bg2 Be7 9. O-O O-O 10. Rb1 Rb8 11. Nd2 Be6 12. Qc2 Qd7 13. Ne4 Bh3 14. Bxh3
Qxh3 15. f4 Qd7 16. f5 f6 17. Be3 b6 18. g4 Qd5 19. Qb3 c4 20. Qxc4 Qxc4 21.
dxc4 Na5 22. c5 Nc4 23. Bf2 bxc5 24. Bxc5 Bxc5+ 25. Nxc5 Rbc8 26. Ne6 Rf7 27.
Rfd1 Ne3 28. Rd3 Nxg4 29. Rbd1 Rb7 30. h3 Nh6 31. e4 Nf7 32. Rd7 Rxd7 33. Rxd7
Rxc3 34. Rxa7 Ng5 35. Rxg7+ Kh8 36. Rc7 Rxc7 37. Nxc7 Nxe4 38. a4 Nd6 39. a5
Kg7 40. a6 Nc8 41. Kf2 Na7 42. Kf3 Kh6 43. Ke4 Kg5 44. Nd5 h5 45. h4+ Kxh4 46.
Nxf6 Kg5 47. Kxe5 h4 48. Ne4+ Kh6 49. Kf4 Kh5 50. Ng5 Nc6 51. f6 Kg6 52. f7 Kg7
53. Kg4 Ne5+ 54. Kxh4 Nd7 55. a7 Nb6 56. Kg4 Kf8 57. Kf5 Na8 58. Kg6  1-0

[Event "Campeonato Estadual Absoluto do Rio de Janeiro 2022"]
[Site "TTC R Conde de Bomfim 451 Salao de Xadrez"]
[Date "2022.07.23"]
[Round "2"]
[Board "9"]
[White "Rodrigues, Nei Jorge"]
[Black "Carvalho, Carlos Alberto"]
[Result "1-0"]
[WhiteElo "1850"]
[BlackElo "1977"]
[PlyCount "129"]
[EventDate "2022.07.23"]
[EventRounds "6"]
[EventCountry "BRA"]

1. d4 e6 2. Nc3 b6 3. e4 Bb7 4. f3 Bb4 5. Nge2 f5 6. exf5 exf5 7. Be3 Qe7 8.
Qd2 Bxc3 9. bxc3 Nf6 10. Bg5 O-O 11. O-O-O Qa3+ 12. Kb1 Nd5 13. c4 h6 14. Bxh6
gxh6 15. cxd5 Bxd5 16. Nc1 Kg7 17. c4 Bg8 18. Qb2 Qxb2+ 19. Kxb2 Nc6 20. Kc3 d5
21. Nb3 Rfe8 22. c5 a5 23. Bb5 Re6 24. Rhe1 Rae8 25. Rxe6 Rxe6 26. Kd2 Kf6 27.
cxb6 cxb6 28. a4 f4 29. Re1 Rxe1 30. Kxe1 Nb4 31. Kd2 Bh7 32. Nc1 Nc2 33. Ne2
Kg5 34. g3 fxg3 35. hxg3 Nb4 36. Bd7 Bf5 37. Be8 h5 38. Nc3 Nc2 39. Nxd5 Nxd4
40. Ke3 Nc2+ 41. Kf2 Nb4 42. Nxb6 Be6 43. Nd7 h4 44. Nc5 Bd5 45. f4+ Kg4 46.
Bd7+ Kh5 47. g4+ Kg6 48. Be8+ Kf6 49. Bd7 Ke7 50. Bf5 Kd6 51. Ne4+ Bxe4 52.
Bxe4 Na6 53. Kf3 Nc5 54. Bc2 Ne6 55. Bd1 Nd4+ 56. Ke3 Kc5 57. f5 h3 58. Kf2 h2
59. Kg2 h1=Q+ 60. Kxh1 Kd5 61. Kg2 Ke5 62. Kg3 Nc6 63. Kh4 Kf4 64. Kh5 Nd4 65.
Kg6  1-0

[Event "Campeonato Estadual Absoluto do Rio de Janeiro 2022"]
[Site "TTC R Conde de Bomfim 451 Salao de Xadrez"]
[Date "2022.07.23"]
[Round "2"]
[Board "11"]
[White "Reboredo, Maximiano Goncalves"]
[Black "Chaves, Jorge Antonio Torres"]
[Result "0-1"]
[WhiteElo "1964"]
[BlackElo "1830"]
[PlyCount "60"]
[EventDate "2022.07.23"]
[EventRounds "6"]
[EventCountry "BRA"]

1. e4 Nc6 2. d4 d5 3. e5 Bf5 4. c3 e6 5. Bd3 Bxd3 6. Qxd3 h5 7. Be3 Nh6 8. Nf3
Nf5 9. Bg5 Be7 10. Bxe7 Qxe7 11. Nbd2 a6 12. O-O-O O-O-O 13. Nb3 Kb8 14. Kb1
Ka7 15. Nc5 Nb8 16. b4 b6 17. Nb3 Qd7 18. Kb2 Qb5 19. Qc2 Qa4 20. a3 Rd7 21. h3
h4 22. Qe2 Rc8 23. c4 dxc4 24. Qxc4 Rd5 25. Ng5 Qd7 26. Rd3 c5 27. bxc5 bxc5
28. Rc1 Rc6 29. Qa4 Nxd4 30. Nxd4 Rb6+  0-1